Journal of business ethics

Salvato in:
Dettagli Bibliografici
Natura: Periodico
Lingua:inglese
Pubblicazione: Dordrecht Kluver Academ. Publ. 1994
Soggetti:
Tags: Aggiungi Tag
Nessun Tag, puoi essere il primo ad aggiungerne!!

MARC

LEADER 00000nas2a2200000 4500
001 s017958
005 20240109095908.9
022 |a 0167-4544 
041 0 |a eng 
044 |a NL 
245 1 0 |a Journal of business ethics 
264 1 |a Dordrecht  |b Kluver Academ. Publ.  |c 1994 
300 |a 2 zv. 
773 0 |w eu_un_cat*s120816 
610 2 0 |a etika podnikateľská 
610 2 0 |a etika